JRの支線のみが2路線以上乗入れる駅 - Statistics

General Stats
  • This quiz has been taken 34 times
  • The average score is 50 of 58
Answer Stats
事業者 乗入れ路線 駅名 % Correct
JR北海道 石勝線 千歳線千歳空港線 南千歳
97%
JR東日本 成田線我孫子線 成田空港線 成田
97%
JR東日本 常磐線 武蔵野線 新松戸
97%
JR東日本 内房線 京葉線 外房線 蘇我
97%
JR東日本 内房線 外房線 安房鴨川
97%
JR東日本 内房線 久留里線 木更津
97%
JR東日本 石巻線 仙石線 石巻
94%
JR東日本 常磐線 水郡線 水戸
94%
JR東日本 常磐線我孫子線 我孫子
94%
JR東日本 外房線 東金線 大網
94%
JR東日本 高崎線 八高線 倉賀野
94%
JR東日本 上越線 両毛線 新前橋
94%
JR東日本 飯山線 上越線 越後川口
91%
JR東日本 常磐線 水戸線 友部
91%
JR東日本 鹿島線 成田線 香取
91%
JR東日本 赤羽線 山手線 池袋
91%
JR東日本 鶴見線 南武線 浜川崎
91%
JR東日本 五日市線 青梅線 八高線 拝島
91%
JR東日本 相模線 横浜線 橋本
91%
JR東日本 大糸線 篠ノ井線 松本
91%
JR西日本 城端線 氷見線 高岡
91%
JR西日本 小浜線 舞鶴線 東舞鶴
91%
JR東日本 上越線只見線 小出
88%
JR東日本 吾妻線 上越線 渋川
88%
JR東日本 川越線八高線 高麗川
88%
JR東日本 京葉線武蔵野線 市川塩浜
88%
JR東日本 鶴見線大川線 安善
88%
JR西日本 桜井線和歌山線 高田
88%
JR西日本 大阪環状線片町線 東西線 京橋
88%
JR西日本 大阪環状線 桜島線 西九条
88%
JR西日本 羽衣線 阪和線
88%
JR西日本 関西空港線 阪和線 日根野
88%
JR西日本 因美線姫新線 津山線 津山
88%
JR西日本 吉備線伯備線 総社
88%
JR西日本 姫新線伯備線 新見
88%
JR西日本 木次線芸備線 備後落合
88%
JR西日本 芸備線福塩線 塩町
88%
JR北海道JR東日本 海峡線津軽線 中小国
85%
JR東日本 越後線 弥彦線 吉田
85%
JR東日本 水郡線常陸太田線 上菅谷
85%
JR東日本 南武線 武蔵野線 府中本町
85%
JR西日本 片町線おおさか東線 放出
85%
JR西日本 宇野線本四備讃線 茶屋町
85%
JR九州 唐津線筑肥線 唐津
85%
JR東日本 京葉線 武蔵野線 南船橋
82%
JR西日本 片町線おおさか東線 鴫野
82%
JR西日本 加古川線 福知山線 谷川
82%
JR西日本 芸備線 伯備線 備中神代
82%
JR九州 後藤寺線日田彦山線 田川後藤寺
82%
JR九州 日南線 宮崎空港線 田吉
82%
JR九州 吉都線 肥薩線 吉松
82%
JR東日本 石巻線 気仙沼線 前谷地
79%
JR九州 大村線佐世保線 早岐
79%
JR東日本 鶴見線海芝浦線 浅野
73%
JR西日本 小野田線本山線 雀田
73%
JR九州 香椎線篠栗線 長者原
70%
JR九州 唐津線 筑肥線 山本
67%
JR西日本 宇部線小野田線 居能
61%
No matching quizzes found
Score Distribution
Percent of People with Each Score
Percentile by Number Answered
Your Score History
You have not taken this quiz